Calcium binding to the rat liver plasma membrane (Record no. 45863)

MARC details
000 -LEADER
fixed length control field 00353nam a2200133Ia 4500
100 ## - MAIN ENTRY--AUTHOR NAME
Personal name Shlatz I
245 #0 - TITLE STATEMENT
Title Calcium binding to the rat liver plasma membrane
260 ## - PUBLICATION, DISTRIBUTION, ETC. (IMPRINT)
Name of publisher Biochemica et Biophysica Acta
Year of publication 1972
300 ## - PHYSICAL DESCRIPTION
Number of Pages 70-93
650 ## - SUBJECT ADDED ENTRY--TOPICAL TERM
Topical Term Calcium binding
700 ## - ADDED ENTRY--PERSONAL NAME
Personal name Marinetti G V
942 ## - ADDED ENTRY ELEMENTS (KOHA)
Koha item type Reprints
Holdings
Withdrawn status Lost status Damaged status Not for loan Home library Current library Date acquired Serial Enumeration / chronology Accession Number Koha item type
      Reprints RRII Library RRII Library 22/12/2021 Volume 290, Issue P00066 Reprints